Soccer Teams by Player (2014-2015 Season) - Statistics

General Stats
  • This quiz has been taken 1,264 times
  • The average score is 16 of 19
Answer Stats
Hint Answer % Correct
Lionel Messi Barcelona
99%
Cristiano Ronaldo Real Madrid
99%
Paul Pogba Juventus
95%
Sergio Aguero Manchester City
95%
Wayne Rooney Manchester United
95%
Marco Reus Borussia Dortmund
93%
Harry Kane Tottenham Spurs
93%
Arjen Robben Bayern Munich
92%
Diego Costa Chelsea
92%
Zlatan Ibrahimovic Paris Saint Germain
91%
Francesco Totti AS Roma
90%
Antoine Griezmann Atletico Madrid
87%
Raheem Sterling Liverpool
86%
Jack Wilshere Arsenal
79%
Gonzalo Higuain Napoli
71%
Rodrigo Palacio Inter Milan
66%
Stephan El Sharaawy AC Milan
61%
Memphis Depay PSV Eindhoven
57%
Jackson Martinez FC Porto
41%
No matching quizzes found
Score Distribution
Percent of People with Each Score
Percentile by Number Answered
Your Score History
You have not taken this quiz